Send in the clowns? No good (Record no. 67116)
[ view plain ]
| 000 -LEADER | |
|---|---|
| fixed length control field | 00929cam a2200217 4500 |
| 001 - CONTROL NUMBER | |
| control field | ABS64003 |
| 008 - FIXED-LENGTH DATA ELEMENTS--GENERAL INFORMATION | |
| fixed length control field | 000000n2001 000 0 eng u |
| 035 ## - SYSTEM CONTROL NUMBER | |
| System control number | (Sirsi) u112726 |
| 100 ## - MAIN ENTRY--PERSONAL NAME | |
| Personal name | Wilkinson, H |
| 245 ## - TITLE STATEMENT | |
| Title | Send in the clowns? No good |
| 260 ## - PUBLICATION, DISTRIBUTION, ETC. | |
| Date of publication, distribution, etc. | 2001 |
| 490 ## - SERIES STATEMENT | |
| Series statement | New Law Journal |
| Volume/sequential designation | 151(6984) 18 May 2001, 723-724(2) |
| 520 ## - SUMMARY, ETC. | |
| Summary, etc. | Considers the doctrine of non-derogation from grant as examined in "Petra Investments Ltd v Jeffrey Rogers Plc" in which Rogers, who held a lease in a retail complex, claimed the arrival of a Virgin Megastore resulted in a loss of profits by altering the original character of the complex. Includes discussion of other non-derogation from grant cases. |
| 590 ## - LOCAL NOTE (RLIN) | |
| Local note | ABS |
| 650 ## - SUBJECT ADDED ENTRY--TOPICAL TERM | |
| Topical term or geographic name entry element | PETRA INVESTMENTS LTD V JEFFREY ROGERS PLC |
| 650 ## - SUBJECT ADDED ENTRY--TOPICAL TERM | |
| Topical term or geographic name entry element | SHOPPING MALL |
| 650 ## - SUBJECT ADDED ENTRY--TOPICAL TERM | |
| Topical term or geographic name entry element | NON-DEROGATION FROM GRANT |
| 650 ## - SUBJECT ADDED ENTRY--TOPICAL TERM | |
| Topical term or geographic name entry element | LEASES |
| 690 ## - LOCAL SUBJECT ADDED ENTRY--TOPICAL TERM (OCLC, RLIN) | |
| Topical term or geographic name as entry element | PROPERTY-LANDLORD AND TENANT |
| 942 ## - ADDED ENTRY ELEMENTS (KOHA) | |
| Suppress in OPAC | 0 |
| Withdrawn status | Lost status | Source of classification or shelving scheme | Damaged status | Not for loan | Home library | Current library | Shelving location | Date acquired | Total Checkouts | Full call number | Barcode | Date last seen | Copy number | Price effective from | Koha item type |
|---|---|---|---|---|---|---|---|---|---|---|---|---|---|---|---|
| Dewey Decimal Classification | London | London | Journal article | 23/05/2001 | ABS64003 | 112726-1001 | 06/08/2019 | 1 | 06/08/2019 | Journal article |